000 00513nam a2200181Ia 4500
005 20250508151325.0
008 008 250505s9999 xx 000 0 eng d
037 _aReference
040 _aFEDL
_beng
_cFEDL
041 _aeng
_2eng
084 _a433.2, CAS
_qFEDL
100 _aBreul Karl
_991387
245 0 _aCassell's german and english dictionary
260 _aLondon, UK
_bCassell and Company Limited
_c1952
300 _axix,687p.
942 _cREF
_h433.2, CAS
999 _c1329051
_d1329051